000 00544nam a2200193Ia 4500
008 191130s2002##################000#0#eng##
020 _a9780880339940
040 _aACL
_cACL
082 _a302.35 KOR
100 _aKorchak, Alexander
245 _aTotalistic organizations
_cAlexander Korchak
260 _aNew York
_bColumbia University Press
_c2002
300 _aXVII, 219 p. ; 23 cm
650 _aMafia
650 _aTotalitarismus -- Organisation
990 _a63fbbdb8ac10000c1e8bc62377fe06eb
991 _a411974
999 _c80812
_d80812